00473nam a2200169Ia 4500003000900000008004100009020001800050040001600068080001700084100001600101245007700117260003800194300001500232650001600247650002200263700001800285IN-BaIIA211028s9999 xx 000 0 eng d a0-471-09245-2 cIIA Library a539.125bLEW aLewis, E. E 0aComputational methods of neutron transportcE. E. Lewis and W. F. Miller aNew YorkbJohn Wiley & Sonsc1984 axvi, 401p. aComputation aNeutron transport aMiller, W. F.